Statistics for Top Countries by JetPunk Users Per Capita

Click here to take the quiz!

General Stats

  • This quiz has been taken 1,556 times
    (137 since last reset)
  • The average score is 14 of 20

Answer Stats

# per 100kCountry% Correct
3,341United Kingdom
93%
2,515Canada
88%
3,951France
84%
2,217Australia
79%
2,334Belgium
76%
1,476Denmark
76%
3,997Finland
76%
2,584Ireland
76%
2,361Norway
76%
4,653Poland
76%
1,994Netherlands
74%
2,208New Zealand
71%
2,237Switzerland
67%
3,354Luxembourg
66%
1,437Austria
65%
3,522Iceland
62%
3,244Monaco
59%
1,640Estonia
58%
1,546Malta
47%
1,663Croatia
42%

Score Distribution

Percentile by Number Answered

Percent of People with Each Score

Your Score History

You have not taken this quiz since the last reset